Heroes of Might and Magic V Demon Creatures - Statistics

General Stats
  • This quiz has been taken 44 times
  • The average score is 8 of 14
Answer Stats
Level Creature % Correct
7 Devil
96%
1 Imp
92%
7 Archdevil
85%
4 Succubus
85%
3 Cerberus
81%
5 Nightmare
58%
6 Pit Lord
58%
3 Hell Hound
54%
2 Horned Demon
50%
1 Familiar
42%
6 Pit Fiend
42%
4 Succubus Mistress
27%
5 Hell Charger
23%
2 Horned Overseer
15%
No matching quizzes found
Score Distribution
Percent of People with Each Score
Percentile by Number Answered
Your Score History
You have not taken this quiz